00223 2200109 4500245002900000250001100029100001000040650001600050005001900066041001400085084001400099 aTARI-TARIAN BETAWIhText aCet. 1 aZahra aKarya Siswa a20250424084602 aIndonesia a081 ZAH t